Lieu de naissance des dirigeants de L'URSS - Statistiques

Statistiques générales
  • Ce quiz a été pris 44 fois
  • Le résultat moyen est 6 sur 8
Statistiques - réponses
Date de pouvoir Nom Dirigeant Pays de naissance % Correct
1917 - 1924 Vladimir Ilitch (Lénine) Russie (Simbirsk / Oulianovsk)
91%
1922 - 1953 Joseph Staline Géorgie (Gori)
89%
1953 - 1955 Gueorgui Malenkov Russie (Moscou)
83%
1955 - 1964 Nikita Khrouchtchev Ukraine (Kalynivka)
74%
1982 - 1984 Iouri Andropov Russie (Nagoutskaïa ?)
66%
1984 - 1985 Konstantin Tchernenko Russie (Bolshaya Tes)
60%
1964 - 1982 Leonid Brejnev Ukraine (Kamenskoïe)
60%
1985 - 1991 Mikhaïl Gorbatchev Russie (Stavropol)
57%
Aucun quiz correspondant
Distribution des résultats
% des personnes avec chaque résultat
Percentile par nombre de réponses
Votre historique - résultats
Vous n’avez pas pris ce quiz